The Signal Corps and Air Service. (Record no. 92389)
[ view plain ]
| 000 -LEADER | |
|---|---|
| fixed length control field | 01070cam a22002651 4500 |
| 001 - CONTROL NUMBER | |
| control field | war23000008 |
| 003 - CONTROL NUMBER IDENTIFIER | |
| control field | DLC |
| 005 - DATE AND TIME OF LATEST TRANSACTION | |
| control field | 20260227112812.0 |
| 008 - FIXED-LENGTH DATA ELEMENTS--GENERAL INFORMATION | |
| fixed length control field | 790529s1922 dcua b f000 0 eng c |
| 010 ## - LIBRARY OF CONGRESS CONTROL NUMBER | |
| LC control number | war23000008 |
| 035 ## - SYSTEM CONTROL NUMBER | |
| System control number | (OCoLC)5011895 |
| 040 ## - CATALOGING SOURCE | |
| Original cataloging agency | U.S. Army War Coll. Libr. |
| Transcribing agency | MdAN |
| Modifying agency | OCoLC |
| -- | DLC |
| 042 ## - AUTHENTICATION CODE | |
| Authentication code | premarc |
| 050 00 - LIBRARY OF CONGRESS CALL NUMBER | |
| Classification number | UG573 |
| Item number | .A5 1922 |
| 110 2# - MAIN ENTRY--CORPORATE NAME | |
| Corporate name or jurisdiction name as entry element | Army War College (U.S.) |
| 245 14 - TITLE STATEMENT | |
| Title | The Signal Corps and Air Service. |
| Remainder of title | A study of their expansion in the United States, 1917-1918 ... |
| Statement of responsibility, etc. | Prepared in the Historical Section, the Army War College, July, 1922. |
| 260 ## - PUBLICATION, DISTRIBUTION, ETC. | |
| Place of publication, distribution, etc. | Washington, |
| Name of publisher, distributor, etc. | Govt. Print. Off., |
| Date of publication, distribution, etc. | 1922. |
| 300 ## - PHYSICAL DESCRIPTION | |
| Extent | viii, 128 p. |
| Other physical details | fold. tab. |
| Dimensions | 24 cm. |
| 490 1# - SERIES STATEMENT | |
| Series statement | Its Monograph |
| Volume/sequential designation | no. 16 |
| 500 ## - GENERAL NOTE | |
| General note | On verso of t.-p.: War Department. Document no. 1109. The Adjutant General's Office. |
| 504 ## - BIBLIOGRAPHY, ETC. NOTE | |
| Bibliography, etc. note | "Statement of works, documents, and persons consulted": p. 126-128. |
| 610 10 - SUBJECT ADDED ENTRY--CORPORATE NAME | |
| Corporate name or jurisdiction name as entry element | United States. |
| Subordinate unit | Army. |
| -- | Signal Corps. |
| 610 10 - SUBJECT ADDED ENTRY--CORPORATE NAME | |
| Corporate name or jurisdiction name as entry element | United States. |
| Subordinate unit | Army. |
| -- | Air Corps. |
| 810 2# - SERIES ADDED ENTRY--CORPORATE NAME | |
| Corporate name or jurisdiction name as entry element | Army War College (U.S.). |
| Title of a work | Monograph |
| Volume/sequential designation | no. 16. |
No items available.